Library Banner

Din Ellahi =دین الہیٰ / (Record no. 132649)

MARC details
000 -LEADER
fixed length control field 00487nam a22001457a 4500
005 - DATE AND TIME OF LATEST TRANSACTION
control field 20231212122913.0
008 - FIXED-LENGTH DATA ELEMENTS--GENERAL INFORMATION
fixed length control field 231212b ||||| |||| 00| 0 eng d
040 ## - CATALOGING SOURCE
Transcribing agency PK-LaUMT
082 ## - DEWEY DECIMAL CLASSIFICATION NUMBER
Classification number APC 297.4
Item number RIA-D
100 ## - MAIN ENTRY--PERSONAL NAME
Personal name Riaz Ahmed Gohar Shahi = ریاض احمد گوھر شاہی
245 ## - TITLE STATEMENT
Title Din Ellahi =دین الہیٰ /
Statement of responsibility, etc by Riaz Ahmed Gohar Shahi = ریاض احمد گوھر شاہی
260 ## - PUBLICATION, DISTRIBUTION, ETC. (IMPRINT)
Place of publication, distribution, etc NA :
Name of publisher, distributor, etc Mehdi Foundation International,
Date of publication, distribution, etc NA
300 ## - PHYSICAL DESCRIPTION
Extent 84 p.
942 ## - ADDED ENTRY ELEMENTS (KOHA)
Koha item type Books
Holdings
Withdrawn status Lost status Damaged status Home library Current library Date acquired Full call number Barcode Date last seen Price effective from Koha item type
      UMT Main Campus UMT Main Campus 2023-12-12 APC 297.4 RIA-D 145930 2023-12-12 2023-12-12 Books